000 00726nam a2200217Ia 4500
001 16744
003 GE_BSU
008 181216s||||||||xx |||||||||||||| ||und||
040 _cGE_BSU
080 _a821.353.1-31
100 _aზურაბიშვილი, ილია
245 _aგაროზგილი
245 _bთვითმპყრობელობის დროინდელი ჯარისკაცის ცხოვრებიდან
245 _cრედ. ს.ჭოლაია.
260 _aთბილისი
260 _bსაბჭ. მწერალი
260 _c1953
300 _a275გვ. ; 15სმ
653 _aგაროზგილი
942 _cBK
999 _c49809
_d49809